Vybrané teoretické aspekty kultúrneho cestovného ruchu

Vybrané teoretické aspekty kultúrneho cestovného ruchu so zameraním na jeho vymedzenie, typológiu, produkty a motiváciu účastníkov. Systematické spracovanie základných prístupov k definovaniu kultúrneho cestovného ruchu a poukázanie na rozmanitosť jeho foriem a produktov na základe vedeckých zdrojov...

Celý popis

Uložené v:
Podrobná bibliografia
Hlavný autor: Uderianová, Lucia, 1999-
Médium: Kapitola
Jazyk:Slovak
Predmet:
Tagy: Pridať tag
Žiadne tagy, Buďte prvý, kto otaguje tento záznam!

MARC

LEADER 00000naa a2200000 4500
001 0314027
005 20260115090916.7
041 0 |a slo 
044 |a SK 
245 1 0 |a Vybrané teoretické aspekty kultúrneho cestovného ruchu  |c Lucia Uderianová 
520 |a Vybrané teoretické aspekty kultúrneho cestovného ruchu so zameraním na jeho vymedzenie, typológiu, produkty a motiváciu účastníkov. Systematické spracovanie základných prístupov k definovaniu kultúrneho cestovného ruchu a poukázanie na rozmanitosť jeho foriem a produktov na základe vedeckých zdrojov. Pozornosť je venovaná typológiám kultúrnych turistov a motívom účasti na kultúrnych aktivitách v destináciách. Príspevok vychádza z literárnej rešerše vedeckej literatúry domácich aj zahraničných autorov a poskytuje teoretický rámec pre ďalší výskum v oblasti kultúrneho cestovného ruchu. Sumarizácia vybraných teoretických prístupov ku kultúrnemu cestovnému ruchu a systematizácia jeho základných charakteristík. 
610 2 0 |a ruch cestovný kultúrny 
610 2 0 |a dedičstvo kultúrne 
610 2 0 |a motivácia 
610 2 0 |a turistika 
610 2 0 |a typológia 
100 1 |a Uderianová, Lucia, 1999-